<?xml version="1.0" encoding="UTF-8"?>
<record
    xmlns:xsi="http://www.w3.org/2001/XMLSchema-instance"
    xsi:schemaLocation="http://www.loc.gov/MARC21/slim http://www.loc.gov/standards/marcxml/schema/MARC21slim.xsd"
    xmlns="http://www.loc.gov/MARC21/slim">

  <leader>00935nam0a2200253   4500</leader>
  <controlfield tag="001">RU\NLR\BIBL_A\012907293</controlfield>
  <controlfield tag="005">20250624221925.0</controlfield>
  <datafield tag="035" ind1=" " ind2=" ">
    <subfield code="a">(NLR Aleph) 012907293</subfield>
  </datafield>
  <datafield tag="090" ind1=" " ind2=" ">
    <subfield code="a">13312051</subfield>
    <subfield code="c">13312051</subfield>
  </datafield>
  <datafield tag="100" ind1=" " ind2=" ">
    <subfield code="a">20221012d1961    |||y0rusy50      ca</subfield>
  </datafield>
  <datafield tag="101" ind1="0" ind2=" ">
    <subfield code="a">aze</subfield>
  </datafield>
  <datafield tag="102" ind1=" " ind2=" ">
    <subfield code="a">AZ</subfield>
  </datafield>
  <datafield tag="105" ind1=" " ind2=" ">
    <subfield code="a">y   z   000 y</subfield>
  </datafield>
  <datafield tag="200" ind1="1" ind2=" ">
    <subfield code="a">&#x420;&#x430;j&#x43E;&#x43D;&#x443;&#x43C;&#x443;&#x437;&#x443;&#x43D; &#x431;&#x430;&#x440;&#x430;&#x43C;&#x430;&#x447;&#x44B;&#x43B;&#x430;&#x440;&#x44B;</subfield>
    <subfield code="f">&#x421;&#x430;&#x434;&#x44B;&#x433; &#x41C;&#x443;&#x440;&#x442;&#x443;&#x437;&#x430;j&#x435;&#x432;, &#x410;&#x437;&#x4D9;&#x440;&#x431;.&#x41A;&#x41F; &#x417;&#x430;&#x433;&#x430;&#x442;&#x430;&#x43B;&#x430; &#x440;&#x430;j&#x43E;&#x43D; &#x43A;&#x43E;&#x43C;. &#x431;&#x438;&#x440;&#x438;&#x43D;&#x4B9;&#x438; &#x43A;&#x430;&#x442;&#x438;&#x431;&#x438;</subfield>
  </datafield>
  <datafield tag="210" ind1=" " ind2=" ">
    <subfield code="a">&#x411;&#x430;&#x43A;&#x44B;</subfield>
    <subfield code="c">[&#x411;&#x438;&#x440;&#x43B;&#x4D9;&#x448;.&#x43D;&#x4D9;&#x448;&#x440;]</subfield>
    <subfield code="d">1961</subfield>
  </datafield>
  <datafield tag="215" ind1=" " ind2=" ">
    <subfield code="a">23, [1] c.</subfield>
    <subfield code="d">17</subfield>
  </datafield>
  <datafield tag="225" ind1="1" ind2=" ">
    <subfield code="a">&#x41A;&#x4D9;&#x43D;&#x434; &#x43A;&#x43E;&#x43C;&#x43C;&#x443;&#x43D;&#x438;&#x441;&#x442;&#x438;&#x43D;&#x438;&#x43D; &#x43A;&#x438;&#x442;&#x430;&#x431;&#x445;&#x430;&#x43D;&#x430;&#x441;&#x44B;</subfield>
    <subfield code="h">9</subfield>
  </datafield>
  <datafield tag="541" ind1="1" ind2=" ">
    <subfield code="6">z01790</subfield>
    <subfield code="a">&#x428;&#x435;&#x43B;&#x43A;&#x43E;&#x432;&#x43E;&#x434;&#x44B; &#x43D;&#x430;&#x448;&#x435;&#x433;&#x43E; &#x440;&#x430;&#x439;&#x43E;&#x43D;&#x430;</subfield>
    <subfield code="z">rus</subfield>
  </datafield>
  <datafield tag="700" ind1=" " ind2="1">
    <subfield code="a">&#x41C;&#x443;&#x440;&#x442;&#x443;&#x437;&#x430;j&#x435;&#x432;</subfield>
    <subfield code="b">&#x421;.</subfield>
    <subfield code="g">&#x421;&#x430;&#x434;&#x44B;&#x433;</subfield>
    <subfield code="4">070</subfield>
  </datafield>
  <datafield tag="790" ind1=" " ind2="1">
    <subfield code="6">z01541</subfield>
    <subfield code="a">&#x41C;&#x443;&#x440;&#x442;&#x443;&#x437;&#x430;&#x435;&#x432;</subfield>
    <subfield code="b">&#x421;.</subfield>
    <subfield code="g">&#x421;&#x430;&#x434;&#x44B;&#x445;</subfield>
    <subfield code="4">070</subfield>
  </datafield>
  <datafield tag="852" ind1=" " ind2=" ">
    <subfield code="a">NLR</subfield>
    <subfield code="b">&#x41E;&#x41D;&#x41B;</subfield>
    <subfield code="j">&#x410;&#x437;&#x435;&#x440;&#x431;./2-11179</subfield>
  </datafield>
  <datafield tag="942" ind1=" " ind2=" ">
    <subfield code="c">BOOK</subfield>
  </datafield>
  <datafield tag="980" ind1=" " ind2=" ">
    <subfield code="a">NB</subfield>
  </datafield>
  <datafield tag="995" ind1=" " ind2=" ">
    <subfield code="5">2022-10-12</subfield>
    <subfield code="b">NLR01</subfield>
    <subfield code="c">NLR01</subfield>
    <subfield code="e">ONL01</subfield>
    <subfield code="f">1-2996552</subfield>
    <subfield code="k">&#x41E;&#x41D;&#x41B; &#x410;&#x437;&#x435;&#x440;&#x431;./2-11179</subfield>
    <subfield code="o">0</subfield>
    <subfield code="r">BOOK</subfield>
    <subfield code="s">_211179</subfield>
  </datafield>
</record>
